[Event "World Amateur-ch U2000"]
[Site "Cagliari"]
[Date "2018.04.24"]
[Round "4"]
[White "Loi, Massimo"]
[Black "Dai Campi, Danilo"]
[Result "1-0"]
[WhiteElo "1734"]
[BlackElo "1865"]
[PlyCount "122"]
[EventDate "2018.04.22"]
[EventType "swiss"]
[EventRounds "9"]
[EventCountry "ITA"]
[SourceTitle "CBM 184 Extra"]
[Source "ChessBase"]
[SourceDate "2018.06.28"]
[SourceVersion "1"]
[SourceVersionDate "2018.06.28"]
[SourceQuality "1"]

1. d4 d6 2. c4 e5 3. g3 exd4 4. Qxd4 Nc6 5. Qd3 Nb4 6. Qd2 d5 7. a3 Na6 8. Qxd5 Qxd5 9. cxd5 Nf6 10. Bg2 Bd6 11. Bg5 Be5 12. Nc3 h6 13. Bd2 Nc5 14. Nf3 Nb3 15. Rd1 Bd6 16. e4 Bg4 17. h3 Bxf3 18. Bxf3 Nd4 19. Bg2 Nc2+ 20. Ke2 Nd4+ 21. Kd3 Nb3 22. Nb5 Nc5+ 23. Kc4 Nfd7 24. f4 f6 25. Rhe1 a6 26. Nxd6+ cxd6 27. b4 Nb6+ 28. Kc3 Nba4+ 29. Kc2 Nd7 30. Kb3 Nab6 31. a4 Rc8 32. Rc1 Ke7 33. a5 Na8 34. Rxc8 Rxc8 35. Bf3 Rc7 36. h4 Kd8 37. Be3 Ke7 38. h5 Kf7 39. Bg4 Ke7 40. Bd4 Kd8 41. Bxd7 Rxd7 42. Kc4 Nc7 43. Bb6 Re7 44. Kd4 Kd7 45. Bxc7 Kxc7 46. Rb1 Re8 47. g4 Kd7 48. Rc1 Re7 49. Rg1 Ke8 50. g5 hxg5 51. fxg5 Kf8 52. gxf6 gxf6 53. h6 Rh7 54. Rh1 Kf7 55. Ke3 Kg6 56. Kf4 f5 57. e5 dxe5+ 58. Kxe5 Kg5 59. Rg1+ Kxh6 60. Rh1+ Kg6 61. Rxh7 Kxh7 1-0